| 000 | 01163 a2200313 4500 | ||
|---|---|---|---|
| 999 |
_c200046178 _d32457 |
||
| 001 | 200046178 | ||
| 003 | TR-AnTOB | ||
| 005 | 20231128155152.0 | ||
| 008 | 130215s2012 tu 000 0 | ||
| 020 | _a9786056217241 | ||
| 040 |
_aTR-AnTOB _cTR-AnTOB _beng _erda |
||
| 041 | _atur | ||
| 050 | 0 |
_aGB648.8 _b.O99 2012 |
|
| 090 | _aGB648.8 .O99 2012 | ||
| 100 | 1 |
_aÖztürk, Muhammed Zeynel, _d1983- _986110 |
|
| 245 | 1 | 0 |
_aUludağ periglasiyal süreçlerin, periglasiyal yerşekillerinin ve bunları denetleyen etmenlerin incelenmesi / _cMuhammed Zeynel Öztürk. |
| 264 | 1 |
_aBursa: _bNilüfer Akkılıç Kütüphanesi Yayınları, _c2012. |
|
| 300 |
_a161 p. : _bill., map; _c24 cm. |
||
| 336 |
_2rdacontent _atext _btxt |
||
| 337 |
_2rdamedia _aunmediated _bn |
||
| 338 |
_2rdacarrier _avolume _bnc |
||
| 490 | 0 |
_aNilüfer Akkılıç Kütüphanesi Yayınları ; _v10 |
|
| 650 | 0 |
_aBuzul yerşekilleri _zTürkiye _zBursa _986113 |
|
| 650 | 0 |
_aPeriglasiyal süreçleri _zTürkiye _zBursa _986114 |
|
| 650 | 0 | 0 |
_aGlacial landforms _zTurkey _zBursa _986111 |
| 650 | 0 |
_aPeriglacial processes _zTurkey _zBursa _986112 |
|
| 942 |
_cBK _2lcc |
||